ESTADISTICA DESCRIPTIVA: APLICADA A LAS CIENCIAS SOCIALES/

محفوظ في:
التفاصيل البيبلوغرافية
المؤلف الرئيسي: Holguín Quiñones, Fernando (autor)
التنسيق: كتاب
الطبعة:2a edición
سلاسل:ESTUDIOS; 13
الموضوعات:
الوسوم: إضافة وسم
لا توجد وسوم, كن أول من يضع وسما على هذه التسجيلة!

MARC

LEADER 00000nam^a2200000^a^4500
001 000225602
005 20250521000000.0
009 20260310104135.293
035 |a 044509 
037 |a Acervo Xavier Clavigero 
082 |a 300. 21  |b HOL 
100 |a Holguín Quiñones, Fernando  |e (autor) 
245 1 0 |a ESTADISTICA DESCRIPTIVA:  |b APLICADA A LAS CIENCIAS SOCIALES/  |c FERNANDO HOLGUIN QUIÑONES 
250 |a 2a edición 
264 |a México :  |b UNAM, Facultad de Ciencias Políticas y Sociales,  |c 1972 
300 |a 412p. 
336 |a texto  |b txt  |2 rdacontenido 
337 |a sin mediación  |b n  |2 rdamedio 
338 |a volumen  |b nc  |2 rdasoporte 
440 |a ESTUDIOS;  |v 13 
649 |a XX 
650 |a Estadística 
650 |a Ciencias Sociales 
910 |a Fondo General 
920 |a Impresos - Libros 
930 |a Colección General 
905 |a 101 
901 |a 044509  |b IT1  |c ACC  |i 044509  |u 20250521 
902 |a https://opac.biblio.iteso.mx/vufind/Record/000225602